| 000 -LEADER |
| fixed length control field |
00599cam a2200181 a 4500 |
| 003 - CONTROL NUMBER IDENTIFIER |
| control field |
OSt |
| 005 - DATE AND TIME OF LATEST TRANSACTION |
| control field |
20200317154808.0 |
| 008 - FIXED-LENGTH DATA ELEMENTS--GENERAL INFORMATION |
| fixed length control field |
030603s2002 sz a 000 0 eng d |
| 020 ## - INTERNATIONAL STANDARD BOOK NUMBER |
| International Standard Book Number |
9782884790109 |
| 082 00 - DEWEY DECIMAL CLASSIFICATION NUMBER |
| Classification number |
778.936 |
| Edition number |
22 |
| Item number |
CLE |
| 100 1# - MAIN ENTRY--PERSONAL NAME |
| Personal name |
Clements, John. |
| 245 12 - TITLE STATEMENT |
| Title |
A comprehensive guide to digital landscape photography / |
| Statement of responsibility, etc |
John Clements. |
| 260 ## - PUBLICATION, DISTRIBUTION, ETC. (IMPRINT) |
| Place of publication, distribution, etc |
Crans-près-Céligny, Switzerland : |
| Name of publisher, distributor, etc |
AVA ; |
| Place of publication, distribution, etc |
New York : |
| Name of publisher, distributor, etc |
Sterling Publishing Co., Inc., |
| Date of publication, distribution, etc |
2002. |
| 300 ## - PHYSICAL DESCRIPTION |
| Extent |
128 p. : |
| Other physical details |
col. ill. ; |
| Dimensions |
22 cm. |
| 650 #0 - SUBJECT ADDED ENTRY--TOPICAL TERM |
| Topical term or geographic name as entry element |
Landscape photography. |
| 650 #0 - SUBJECT ADDED ENTRY--TOPICAL TERM |
| Topical term or geographic name as entry element |
Photography |
| General subdivision |
Digital techniques. |
| 942 ## - ADDED ENTRY ELEMENTS (KOHA) |
| Source of classification or shelving scheme |
|